000 00285nam a22001337a 4500
008 170401b xxu||||| |||| 00| 0 eng d
020 _a2900132103465
041 _aeng
080 _a574
100 _a9
101 _aSHM
245 _aWEATHER AND CLIMATE
_cAGUADO, E
942 _2udc
_cBK
999 _c9407
_d9407